Capital Cities by Population - Statistics

General Stats
  • This quiz has been taken 558 times
    394 since last reset
  • The average score is 101 of 196
Answer Stats
Continent Population Country Capital City % Correct
Asia 21,542,000 C Beijing
99%
Asia/Europe 13,104,177 R Moscow
99%
Asia 14,094,034 J Tokyo
97%
North America 9,209,944 M Mexico City
93%
Asia 10,562,088 I Jakarta
89%
Africa 12,691,000 D.. Kinshasa
89%
Europe 9,002,488 U.. London
89%
Africa 10,107,125 E Cairo
88%
South America 8,852,000 P Lima
88%
Asia/Europe 5,747,325 T Ankara
86%
South America 7,181,469 C Bogota
86%
Asia 9,508,451 S.. Seoul
86%
Europe 3,677,472 G Berlin
85%
Asia 8,906,039 B Dhaka
85%
Europe 3,305,408 S Madrid
85%
Asia 8,053,663 V Hanoi
84%
South America 6,310,000 C Santiago
84%
Asia 8,693,706 I Tehran
84%
Asia 8,305,218 T Bangkok
83%
Asia 7,682,136 I Baghdad
82%
Africa 3,915,811 A Algiers
80%
South America 2,891,082 A Buenos Aires
80%
North America 2,934,841 G Guatemala City
80%
Europe 2,761,632 I Rome
80%
Africa 4,397,073 K Nairobi
78%
Asia 7,676,654 S.. Riyadh
78%
Europe 2,920,873 U Kiev
77%
Europe 2,139,907 F Paris
77%
Asia 4,061,150 J Amman
76%
South America 2,648,532 B Brasilia
76%
Asia 2,870,000 N.. Pyongyang
76%
South America 2,800,388 E Quito
76%
Asia 5,453,600 S Singapore
76%
Africa 3,040,740 E Addis Ababa
75%
South America 2,245,744 V Caracas
74%
Asia 4,601,789 A Kabul
74%
Europe 1,996,553 B Minsk
72%
Asia 2,575,347 Y Sana'a
71%
Europe 1,863,056 P Warsaw
71%
Europe 1,962,779 A Vienna
70%
Europe 1,706,851 H Budapest
69%
North America 2,132,183 C Havana
69%
Asia 2,989,000 K Kuwait City
69%
Asia 2,860,600 U Tashkent
69%
Europe 1,716,983 R Bucharest
68%
Africa 2,921,488 S.. Pretoria
68%
Africa 2,123,132 Z Harare
67%
South America 1,319,108 U Montevideo
66%
Africa 2,571,861 A Luanda
65%
Africa 2,731,696 Z Lusaka
65%
Europe 1,688,667 S Belgrade
64%
Africa 2,682,431 S Khartoum
64%
Asia 2,608,332 T Taipei
63%
Asia 2,303,100 A Baku
62%
Asia 1,186,023 Q Doha
62%
Asia 1,846,513 P Manila
62%
Europe 1,357,326 C.. Prague
62%
North America 1,111,838 D.. Santo Domingo
62%
Asia 1,294,101 O Muscat
61%
North America 1,017,449 C Ottawa
61%
North America 1,444,085 H Tegucigalpa
61%
Africa 2,388,000 G Accra
59%
Africa 1,680,600 U Kampala
59%
North America 987,310 H Port-au-Prince
59%
Africa 2,765,568 C Yaounde
59%
Africa 1,696,392 R.. Brazzaville
58%
North America 1,055,247 N Managua
58%
Europe 658,864 F Helsinki
57%
Africa 2,388,000 S Mogadishu
57%
Asia 2,281,951 C Phnom Penh
57%
North America 880,691 P Panama City
56%
Europe 1,307,439 B Sofia
56%
Europe 978,770 S Stockholm
56%
North America 670,050 U.. Washington
56%
Europe 638,117 D Copenhagen
55%
Africa 1,235,880 N Abuja
54%
Europe 905,234 N Amsterdam
54%
Asia 1,239,900 K Astana
54%
Africa 1,809,106 M Bamako
54%
Asia 2,079,000 S Damascus
54%
North America 662,491 J Kingston
54%
Asia 1,782,500 M Kuala Lumpur
54%
South America 816,044 B La Paz
54%
Africa 2,453,496 B.. Ouagadougou
54%
Oceania 431,380 A Canberra
53%
Asia 1,010,092 U.. Abu Dhabi
52%
Africa 1,660,973 G Conakry
52%
Africa 1,334,984 N Niamey
52%
Europe 605,802 L Riga
52%
Europe 509,614 P Lisbon
51%
Europe 637,798 G Athens
50%
Asia 1,074,075 K Bishkek
50%
Africa 1,438,725 S Dakar
50%
Europe 588,233 I Dublin
50%
Africa 1,132,686 R Kigali
50%
Europe 697,010 N Oslo
50%
North America 570,459 E.. San Salvador
50%
Europe 438,341 E Tallinn
50%
Asia 1,201,769 G Tbilisi
50%
Africa 1,170,000 L Tripoli
50%
Asia 1,096,100 A Yerevan
50%
Africa 963,000 E Asmara
49%
Europe 440,948 S Bratislava
49%
Europe 769,944 C Zagreb
49%
South America 521,559 P Asuncion
48%
Asia 1,014,825 P Islamabad
48%
Oceania 364,145 P.. Port Moresby
48%
Europe 544,086 N.. Skopje
48%
Europe 557,422 A Tirana
48%
Europe 576,195 L Vilnius
48%
Asia 927,724 L Vientiane
47%
Oceania 217,000 N.. Wellington
47%
Europe 779,300 M Chisinau
46%
Asia 936,425 I Jerusalem
46%
Europe 285,604 S Ljubljana
46%
Africa 1,124,988 M Maputo
46%
Europe 198,897 K Pristina
46%
Asia 1,466,125 M Ulaan Baatar
46%
Africa 1,010,970 L Monrovia
45%
South America 240,924 S Paramaribo
45%
Europe 275,524 B.. Sarajevo
45%
Africa 1,275,207 M Antananarivo
44%
Africa 604,013 D Djibouti
44%
Asia 1,160,242 M Naypyidaw
44%
Europe 124,509 L Luxembourg
42%
Africa 916,000 C N'Djamena
42%
Europe 133,262 I Reykjavik
42%
Europe 453 V.. Vatican City
42%
Asia 791,000 T Ashgabat
41%
Africa 492,004 G.. Bissau
41%
Asia 863,400 T Dushanbe
41%
Africa 1,055,964 S.. Freetown
41%
Asia 845,767 N Kathmandu
41%
Africa 837,437 T Lome
41%
North America 274,400 B Nassau
41%
North America 361,366 C.. San Jose
41%
Europe 38,350 M Monaco
40%
Africa 1,195,600 M Nouakchott
40%
Europe 4,061 S.. San Marino
40%
Europe 22,873 A Andorra la Vella
39%
Africa 889,231 C.. Bangui
39%
Europe 190,488 M Podgorica
39%
Africa 638,845 T Tunis
39%
Europe 187,686 B Brussels
37%
Asia 277,279 E.. Dili
37%
Africa 525,953 S.. Juba
37%
Africa 989,318 M Lilongwe
37%
South America 118,363 G Georgetown
36%
Africa 703,904 G Libreville
36%
Europe 5,774 L Vaduz
36%
Asia 361,366 L Beirut
33%
Europe 5,827 M Valletta
33%
Africa 431,000 N Windhoek
33%
Africa 410,956 T Dodoma
32%
Africa 330,760 L Maseru
32%
Oceania 93,970 F Suva
32%
Europe 134,591 S Bern
31%
Africa 273,602 B Gaborone
31%
Africa 297,000 E.. Malabo
31%
North America 37,074 T.. Port-of-Spain
31%
Africa 159,050 C.. Praia
31%
North America 110,000 B Bridgetown
29%
Asia 326,739 C Nicosia
29%
Africa 264,320 B Porto-Novo
29%
Africa 577,827 M Rabat
29%
North America 22,219 A.. Saint John's
29%
North America 20,000 S.. Castries
28%
Africa 71,868 S.. Sao Tome
28%
Asia 114,551 B Thimphu
28%
Oceania 41,611 S Apia
27%
Oceania 92,344 S.. Honiara
27%
Asia 249,998 I New Delhi
27%
Oceania 318 P Ngerulmud
27%
Oceania 51,437 V Port Vila
27%
North America 20,621 B Belmopan
26%
Oceania 27,797 M.. Majuro
26%
Africa 147,066 M Port Louis
26%
North America 33,734 G Saint George's
26%
Asia 200,000 B Manama
25%
Africa 111,326 C Moroni
25%
North America 14,725 D Roseau
25%
Oceania 70,480 K South Tarawa
25%
Asia 100,700 B Bandar Seri Begawan
24%
Oceania 6,320 T Funafuti
24%
Asia 133,412 M Male
24%
Africa 94,874 E Mbabane
24%
Oceania 27,600 T Nukualofa
24%
Africa 361,893 C.. Yamoussoukro
24%
Oceania 747 N Yaren
24%
North America 14,000 S.. Basseterre
23%
North America 12,909 S.. Kingstown
23%
Africa 26,450 S Victoria
23%
Africa 135,467 B Gitega
22%
Oceania 6,647 F.. Palikir
22%
Africa 73,000 G Banjul
20%
Asia 107,925 S.. Sri Jayawardenapura Kotte
20%
No matching quizzes found
Score Distribution
Percent of People with Each Score
Percentile by Number Answered
Your Score History
You have not taken this quiz since the last reset